[Event "Pan American-ch Schools U17"]
[Site "Columbia"]
[Date "2009.10.07"]
[Round "2"]
[White "Guelgua, Alvaro"]
[Black "Perez, Pedro"]
[Result "1-0"]
[WhiteElo "2020"]
[BlackElo "2103"]
[PlyCount "57"]
[EventDate "2009.10.07"]
[EventType "rapid"]
[EventRounds "7"]
[EventCountry "COL"]
[SourceTitle "CBM 132 Extra"]
[Source "ChessBase"]
[SourceDate "2009.11.03"]
[SourceVersion "1"]
[SourceVersionDate "2009.11.03"]
[SourceQuality "1"]

1. e4 c5 2. Nf3 d6 3. d4 cxd4 4. Nxd4 Nf6 5. Nc3 Nc6 6. Bc4 e6 7. Be3 Be7 8. 0-0 Bd7 9. Bb3 a6 10. h3 0-0 11. f4 Nxd4 12. Bxd4 Bc6 13. Qd3 Qc7 14. f5 e5 15. Bf2 Rad8 16. g4 h6 17. Qf3 Nh7 18. a4 Kh8 19. a5 Rd7 20. Na4 Ng5 21. Qe3 Nxe4 22. Nb6 Rdd8 23. Bd5 Nf6 24. c4 Bxd5 25. cxd5 Qc5 26. Qb3 Qb5 27. Qxb5 axb5 28. Rfc1 Nd7 29. Rc7 1-0